00346pab a2200133 454500008004000000100002100040245005100061260000900112300001500121362000800136650003000144650001300174773002500187180718b2003 xxu||||| |||| 00| 0 eng d aBonoli, Giuliano aTwo worlds of pension reform in Western Europe c2003 ap.399-416. aJul aPensions - Western Europe aPensions aComparative Politics